[Event "St. Valentine's Day U1500"]
[Site "Toronto CAN"]
[Date "2001.02.11"]
[Round "5"]
[White "Aliev, Inara"]
[Black "Karpik, Steve"]
[Result "1/2-1/2"]
[WhiteElo "1418"]
[BlackElo "1437"]
[PlyCount "104"]
[GameId "2160767911610503"]
[EventDate "2001.02.09"]
[EventType "swiss"]
[EventRounds "5"]
[EventCountry "CAN"]

1. e4 d6 2. d4 Nf6 3. Nc3 g6 4. Nf3 Bg7 5. Be2 O-O 6. O-O Nbd7 7. e5 dxe5 8. Nxe5 Nxe5 9. dxe5 Nd7 10. f4 e6 11. Bc4 a6 12. Ne4 b5 13. Bb3 Bb7 14. Qf3 Bxe4 15. Qxe4 Nc5 16. Qe3 Nxb3 17. Qxb3 c5 18. Be3 c4 19. Qc3 f5 20. Rad1 Qc7 21. Rd4 Rfd8 22. Rfd1 Bf8 23. Qd2 Be7 24. Rd7 Rxd7 25. Qxd7 Qxd7 26. Rxd7 Kf8 27. Kf1 h6 28. Bb6 Ke8 29. Rb7 g5 30. g3 g4 31. Ke2 Kf8 32. Kd2 Bb4+ 33. c3 Be7 34. Ra7 Rxa7 35. Bxa7 Ke8 36. Kc2 Kd7 37. b3 cxb3+ 38. axb3 Kc6 39. c4 Bc5 40. cxb5+ Kxb5 41. Bxc5 Kxc5 42. Kc3 a5 43. Kb2 Kb4 44. Ka2 a4 45. bxa4 Kxa4 46. Kb2 Kb4 47. Kc2 Kc4 48. Kd2 Kd4 49. Ke2 Ke4 50. Kf2 Kd3 51. Kg2 Ke2 52. h3 h5 1/2-1/2

[Event "St. Valentine's Day U1900"]
[Site "Toronto CAN"]
[Date "2001.02.09"]
[Round "1"]
[White "Jew, Harold"]
[Black "Alvarez, Alfonso"]
[Result "0-1"]
[WhiteElo "1840"]
[BlackElo "1713"]
[PlyCount "51"]
[GameId "2160767911610504"]
[EventDate "2001.02.09"]
[EventType "swiss"]
[EventRounds "5"]
[EventCountry "CAN"]

1. b4 e5 2. Bb2 d6 3. e3 Nd7 4. d3 Ne7 5. Nf3 Ng6 6. Be2 Be7 7. O-O O-O 8. c4 b6 9. Nc3 Bb7 10. Nd5 Nh4 11. Nxe7+ Qxe7 12. Nxh4 Qxh4 13. g3 Qh3 14. e4 Qe6 15. f4 Qe7 16. Qc2 f5 17. fxe5 Nxe5 18. Rxf5 Rxf5 19. exf5 Nf3+ 20. Kf2 Re8 21. Bxf3 Qe3+ 22. Kf1 Qxf3+ 23. Qf2 Qxd3+ 24. Kg1 Re2 25. Qd4 Rg2+ 26. Kh1 0-1

[Event "St. Valentine's Day op"]
[Site "Toronto CAN"]
[Date "2001.02.10"]
[Round "3"]
[White "Gentes, Kevin"]
[Black "Bluvshtein, Mark"]
[Result "1-0"]
[WhiteElo "2347"]
[BlackElo "2283"]
[PlyCount "77"]
[GameId "2160767911610505"]
[EventDate "2001.02.09"]
[EventType "swiss"]
[EventRounds "5"]
[EventCountry "CAN"]

1. d4 Nf6 2. c4 e6 3. g3 d5 4. Bg2 dxc4 5. Nf3 Bd7 6. Ne5 Bc6 7. Nxc6 Nxc6 8. e3 Bb4+ 9. Bd2 Nd5 10. Bxb4 Ncxb4 11. O-O O-O 12. Na3 c6 13. Nxc4 Nb6 14. Ne5 Qe7 15. a3 N4d5 16. Rc1 Nd7 17. Nd3 Rfd8 18. Qb3 Nf8 19. Rfd1 Qc7 20. Nc5 Rab8 21. e4 Nf6 22. f4 Qb6 23. Qc3 Rbc8 24. b4 N8d7 25. Nb3 Ne8 26. e5 Nc7 27. Na5 Ne8 28. Kh1 a6 29. g4 g6 30. f5 Ng7 31. Nc4 Qc7 32. Nd6 Nb6 33. f6 Ne8 34. Nxe8 Rxe8 35. Qe3 Kh8 36. Qh6 Rg8 37. Rc3 Nd7 38. Qxh7+ Kxh7 39. Rh3# 1-0

[Event "St. Valentine's Day op"]
[Site "Toronto CAN"]
[Date "2001.02.11"]
[Round "5"]
[White "Stevens, Christian"]
[Black "Miletic, Damir"]
[Result "0-1"]
[WhiteElo "2067"]
[BlackElo "2223"]
[PlyCount "44"]
[GameId "2160767911610506"]
[EventDate "2001.02.09"]
[EventType "swiss"]
[EventRounds "5"]
[EventCountry "CAN"]

1. e4 e5 2. Nf3 f5 3. Nxe5 Qf6 4. d4 d6 5. Nc4 fxe4 6. Ne3 c6 7. Bc4 d5 8. Bb3 Bd6 9. c4 Ne7 10. cxd5 O-O 11. Qe2 Ng6 12. dxc6+ Kh8 13. Nc3 Nf4 14. Ncd5 Nd3+ 15. Kd1 Qxd4 16. Nc2 Nxf2+ 17. Ke1 Nd3+ 18. Kd2 e3+ 19. Ncxe3 Bb4+ 20. Nxb4 Nf4+ 21. Nd3 Nxe2 22. Kxe2 Bg4+ 0-1

[Event "Syrena active"]
[Site "Edmonton CAN"]
[Date "2001.08.14"]
[Round "3"]
[White "Reeve, Jeff"]
[Black "Clark, Alan"]
[Result "1/2-1/2"]
[WhiteElo "2311"]
[BlackElo "2033"]
[PlyCount "75"]
[GameId "2160767911547038"]
[EventDate "2001.08.14"]
[EventType "rapid"]
[EventCountry "CAN"]

1. e4 c5 2. Nf3 d6 3. d4 cxd4 4. Nxd4 Nf6 5. Nc3 Nc6 6. Bc4 e6 7. Be3 Be7 8. Qe2 O-O 9. O-O-O Qc7 10. Bb3 a6 11. g4 Nxd4 12. Rxd4 b5 13. g5 Nd7 14. Rg1 Nc5 15. Qh5 Nxb3+ 16. axb3 g6 17. Qh6 f5 18. gxf6 Bxf6 19. h4 Bg7 20. Qg5 Bd7 21. h5 Be8 22. Rd2 Rc8 23. Bd4 Bxd4 24. Rxd4 a5 25. Qd2 Qc5 26. hxg6 Bxg6 27. Kb1 Rf3 28. Rg5 e5 29. Rxd6 Rxf2 30. Rgxg6+ hxg6 31. Rxg6+ Kf7 32. Qh6 Ke8 33. Rg8+ Kd7 34. Rg7+ Kd8 35. Qg5+ Ke8 36. Qg6+ Kd8 37. Qg5+ Ke8 38. Qg6+ 1/2-1/2

[Event "Thanksgiving op"]
[Site "Toronto CAN"]
[Date "2001.10.06"]
[Round "1"]
[White "Bluvshtein, Mark"]
[Black "Obrovac, Zvonko"]
[Result "1-0"]
[WhiteElo "2333"]
[BlackElo "2014"]
[PlyCount "52"]
[GameId "2160767911485152"]
[EventDate "2001.10.06"]
[EventType "swiss"]
[EventRounds "6"]
[EventCountry "CAN"]
[SourceTitle "EXT 2022"]
[Source "ChessBase"]
[SourceDate "2021.10.06"]
[SourceVersion "1"]
[SourceVersionDate "2021.10.06"]
[SourceQuality "1"]

1. d4 Nf6 2. c4 g6 3. Nc3 d5 4. Nf3 Bg7 5. Bf4 c5 6. e3 Qa5 7. Be2 Ne4 8. O-O Nxc3 9. bxc3 dxc4 10. Bxc4 O-O 11. Qb3 e6 12. Bd6 Nd7 13. Bxf8 Bxf8 14. d5 b5 15. Qxb5 Qxc3 16. dxe6 Nb6 17. e7 Bd7 18. Qxc5 Qxc4 19. Qxc4 Nxc4 20. Rfc1 Nb6 21. Rc7 Be6 22. a3 a5 23. Rb1 Nd5 24. Rcb7 Kg7 25. h3 a4 26. Rd1 Ra5 1-0

[Event "Thanksgiving op"]
[Site "Toronto CAN"]
[Date "2001.10.06"]
[Round "1"]
[White "Manalo, Pepin"]
[Black "Miller, Evgeny"]
[Result "0-1"]
[WhiteElo "1924"]
[BlackElo "2190"]
[PlyCount "86"]
[GameId "2160767911485153"]
[EventDate "2001.10.06"]
[EventType "swiss"]
[EventRounds "6"]
[EventCountry "CAN"]
[SourceTitle "EXT 2022"]
[Source "ChessBase"]
[SourceDate "2021.10.06"]
[SourceVersion "1"]
[SourceVersionDate "2021.10.06"]
[SourceQuality "1"]

1. d4 Nf6 2. Nf3 d5 3. Bf4 e6 4. Nc3 c5 5. e3 a6 6. a4 Nc6 7. Be2 Qb6 8. Rb1 cxd4 9. exd4 Bb4 10. O-O Bxc3 11. bxc3 Qa5 12. Qd3 O-O 13. Bd6 Re8 14. Rb3 Ne4 15. Bf4 Qxa4 16. Ne5 Nxe5 17. Bxe5 Qd7 18. f3 Nd6 19. Rfb1 Nc4 20. Bg3 b5 21. f4 Bb7 22. Qf3 Nd2 23. Qh5 Nxb1 24. Rxb1 f5 25. h3 Rec8 26. Be1 Bc6 27. g4 Qf7 28. Qh4 Bd7 29. Bd3 Qf6 30. g5 Qf7 31. Bd2 Rcb8 32. Kf2 a5 33. Qg3 a4 34. h4 a3 35. Qf3 Qf8 36. h5 Rc8 37. g6 h6 38. Qe2 a2 39. Ra1 Qd6 40. Qe1 Qa3 41. Qe5 Rxc3 42. Bxf5 Rc6 43. Bc1 Qc3 0-1

[Event "Thanksgiving op"]
[Site "Toronto CAN"]
[Date "2001.10.06"]
[Round "1"]
[White "Torres, Juan Carlos"]
[Black "Tyomkin, Dimitri"]
[Result "0-1"]
[WhiteElo "2100"]
[BlackElo "2508"]
[PlyCount "86"]
[GameId "2160767911485154"]
[EventDate "2001.10.06"]
[EventType "swiss"]
[EventRounds "6"]
[EventCountry "CAN"]
[SourceTitle "EXT 2022"]
[Source "ChessBase"]
[SourceDate "2021.10.06"]
[SourceVersion "1"]
[SourceVersionDate "2021.10.06"]
[SourceQuality "1"]

1. Nf3 Nf6 2. g3 d5 3. Bg2 c6 4. b3 Bg4 5. Bb2 Nbd7 6. d4 e6 7. Nbd2 Be7 8. O-O O-O 9. Re1 a5 10. a4 Qb6 11. e4 dxe4 12. Nxe4 Nxe4 13. Rxe4 Nf6 14. Re1 Rfd8 15. Qc1 Bb4 16. Re5 Bf5 17. Nh4 Bg6 18. Nxg6 hxg6 19. c4 Rd7 20. Qc2 Rad8 21. c5 Qc7 22. Qc4 Kf8 23. Bf3 Nd5 24. Bxd5 Rxd5 25. Rxd5 Rxd5 26. Bc1 Qd8 27. Bf4 Qf6 28. Rd1 Bxc5 29. Be5 Qd8 30. Rd3 Be7 31. h4 f6 32. Rf3 Kg8 33. Bf4 Qd7 34. Qc2 Kf7 35. Be5 Qe8 36. Qe4 Bd8 37. h5 Kg8 38. hxg6 fxe5 39. Rf7 Rd7 40. Rf3 Rxd4 41. Qxe5 Rd1+ 42. Kg2 Qxg6 43. Qf4 Qh5 0-1

[Event "Thanksgiving op"]
[Site "Toronto CAN"]
[Date "2001.10.06"]
[Round "1"]
[White "Veltmann, Martin"]
[Black "Verma, Tony"]
[Result "0-1"]
[WhiteElo "2002"]
[BlackElo "1797"]
[PlyCount "88"]
[GameId "2160767911485155"]
[EventDate "2001.10.06"]
[EventType "swiss"]
[EventRounds "6"]
[EventCountry "CAN"]

1. c4 c5 2. Nc3 Nc6 3. Nf3 Nf6 4. g3 g6 5. Bg2 Bg7 6. O-O d6 7. d4 cxd4 8. Nxd4 Bd7 9. b3 O-O 10. Bb2 a6 11. e3 Rb8 12. a4 Nb4 13. Qd2 Bc6 14. e4 a5 15. Rfe1 Ng4 16. Nd5 Bxd5 17. exd5 Ne5 18. Be4 Qb6 19. Kg2 Ned3 20. Bxd3 Bxd4 21. Bxg6 Bxb2 22. Bxh7+ Kxh7 23. Qxb2 Rbe8 24. Re4 e5 25. Rh4+ Kg7 26. Rg4+ Kf6 27. f4 Nd3 28. fxe5+ Rxe5 29. Rf1+ Ke7 30. Qd2 Qxb3 31. Qxa5 Qb2+ 32. Kh1 Kd7 33. Rg7 Nf2+ 34. Kg1 Nh3+ 35. Kh1 Qd4 36. Qb5+ Kc8 37. Qb1 Nf2+ 38. Kg2 Ne4 39. Rgxf7 Rxf7 40. Rxf7 Qd2+ 41. Kf1 Nc5 42. Rf2 Qc3 43. a5 Qxc4+ 44. Kg1 Qxd5 0-1

[Event "Thanksgiving op"]
[Site "Toronto CAN"]
[Date "2001.10.06"]
[Round "2"]
[White "Smith, Hazel"]
[Black "Miaco, Trifelino"]
[Result "1-0"]
[WhiteElo "1689"]
[BlackElo "2007"]
[PlyCount "71"]
[GameId "2160767911485157"]
[EventDate "2001.10.06"]
[EventType "swiss"]
[EventRounds "6"]
[EventCountry "CAN"]
[SourceTitle "EXT 2022"]
[Source "ChessBase"]
[SourceDate "2021.10.06"]
[SourceVersion "1"]
[SourceVersionDate "2021.10.06"]
[SourceQuality "1"]

1. e4 d6 2. d4 Nf6 3. Nc3 g6 4. f4 Ng4 5. h3 Nh6 6. g4 Bg7 7. e5 O-O 8. Nf3 c6 9. Be3 b5 10. a3 f5 11. g5 Nf7 12. Qe2 a5 13. h4 Ba6 14. Qf2 e6 15. h5 d5 16. hxg6 hxg6 17. Qh2 Nh8 18. Qh7+ Kf7 19. Nh4 Nd7 20. Be2 Rg8 21. Ng2 Nf8 22. Qh2 Ke7 23. Na2 Nf7 24. Qg3 Rh8 25. Rxh8 Bxh8 26. Nc1 Nd7 27. Nh4 Qg8 28. Nd3 Qh7 29. Kd2 Bg7 30. Rh1 Kd8 31. Bf3 Qg8 32. Nxg6 Nb6 33. b3 Bf8 34. Nxf8 Qxf8 35. Nc5 Ke7 36. g6 1-0

[Event "Thanksgiving op"]
[Site "Toronto CAN"]
[Date "2001.10.06"]
[Round "2"]
[White "Tyomkin, Dimitri"]
[Black "Rakhinshteyn, Fima"]
[Result "1-0"]
[WhiteElo "2500"]
[BlackElo "2200"]
[PlyCount "79"]
[GameId "2160767911485158"]
[EventDate "2001.10.06"]
[EventType "swiss"]
[EventRounds "6"]
[EventCountry "CAN"]
[SourceTitle "EXT 2022"]
[Source "ChessBase"]
[SourceDate "2021.10.06"]
[SourceVersion "1"]
[SourceVersionDate "2021.10.06"]
[SourceQuality "1"]

1. d4 d5 2. c4 Bf5 3. Nf3 e6 4. Nc3 c6 5. Qb3 Qb6 6. c5 Qxb3 7. axb3 Nd7 8. b4 a6 9. b5 cxb5 10. Nxb5 Rc8 11. Nc3 Ngf6 12. b4 Be7 13. e3 O-O 14. Bb2 Ne4 15. Nxe4 Bxe4 16. Nd2 Bf5 17. Be2 Nb8 18. O-O Nc6 19. Bc3 Bf6 20. f4 g5 21. g4 Be4 22. Nxe4 dxe4 23. f5 Ne7 24. fxe6 fxe6 25. Bd1 Nd5 26. Bd2 e5 27. Bb3 Rcd8 28. Rf5 Kg7 29. dxe5 Be7 30. Raf1 a5 31. e6 Nf6 32. Bc3 Rd3 33. Bxf6+ Rxf6 34. Bc4 Rxe3 35. Rxf6 Bxf6 36. e7 Bxe7 37. Rf7+ Kg6 38. Rxe7 axb4 39. Rxb7 Re1+ 40. Kf2 1-0

[Event "Thanksgiving op"]
[Site "Toronto CAN"]
[Date "2001.10.07"]
[Round "2"]
[White "Findlay, Ian"]
[Black "Spicer, Christopher"]
[Result "1-0"]
[WhiteElo "2423"]
[BlackElo "1987"]
[PlyCount "47"]
[GameId "2160767911485159"]
[EventDate "2001.10.06"]
[EventType "swiss"]
[EventRounds "6"]
[EventCountry "CAN"]
[SourceTitle "EXT 2022"]
[Source "ChessBase"]
[SourceDate "2021.10.06"]
[SourceVersion "1"]
[SourceVersionDate "2021.10.06"]
[SourceQuality "1"]

1. e4 c5 2. Nf3 d6 3. d4 cxd4 4. Nxd4 Nf6 5. Nc3 a6 6. Be2 e5 7. Nb3 Be7 8. O-O O-O 9. Be3 Be6 10. Qd2 Nbd7 11. a4 Nb6 12. Rfd1 Rc8 13. f3 d5 14. a5 d4 15. axb6 dxe3 16. Qxe3 Qe8 17. Kh1 Bxb3 18. cxb3 Bc5 19. Qg5 h6 20. Qg3 Bxb6 21. Rd6 Bd8 22. Bc4 Nh7 23. Qg4 Nf6 24. Qxc8 1-0

[Event "Thanksgiving op"]
[Site "Toronto CAN"]
[Date "2001.10.07"]
[Round "3"]
[White "Sviridovitch, Alina"]
[Black "Veltmann, Martin"]
[Result "0-1"]
[WhiteElo "1783"]
[BlackElo "2002"]
[PlyCount "56"]
[GameId "2160767911485160"]
[EventDate "2001.10.06"]
[EventType "swiss"]
[EventRounds "6"]
[EventCountry "CAN"]

1. d4 Nf6 2. Nf3 g6 3. Bg5 Bg7 4. Nc3 O-O 5. Qd2 d6 6. O-O-O c6 7. e4 Bg4 8. Be2 b5 9. a3 a5 10. e5 Ne8 11. Ne4 d5 12. Ng3 b4 13. axb4 f6 14. exf6 exf6 15. Be3 Nd6 16. h3 Bxf3 17. gxf3 Nd7 18. bxa5 Rxa5 19. b3 Qa8 20. Qc3 f5 21. Bf4 Nf7 22. h4 c5 23. Qd3 cxd4 24. b4 Nde5 25. Qb3 Ra3 26. Qb2 Nc4 27. Bxc4 dxc4 28. Kb1 c3 0-1

[Event "Thanksgiving op"]
[Site "Toronto CAN"]
[Date "2001.10.07"]
[Round "3"]
[White "Tyomkin, Dimitri"]
[Black "Findlay, Ian"]
[Result "1-0"]
[WhiteElo "2500"]
[BlackElo "2350"]
[PlyCount "147"]
[GameId "2160767911485161"]
[EventDate "2001.10.06"]
[EventType "swiss"]
[EventRounds "6"]
[EventCountry "CAN"]
[SourceTitle "EXT 2022"]
[Source "ChessBase"]
[SourceDate "2021.10.06"]
[SourceVersion "1"]
[SourceVersionDate "2021.10.06"]
[SourceQuality "1"]

1. d4 Nf6 2. c4 e6 3. Nc3 d5 4. cxd5 exd5 5. Bg5 Be7 6. e3 O-O 7. Qc2 Nbd7 8. Nf3 c6 9. Bd3 Re8 10. h3 Nf8 11. Bf4 Bd6 12. Bxd6 Qxd6 13. O-O-O Be6 14. Kb1 Rac8 15. Rc1 b5 16. Ne5 a6 17. f4 c5 18. dxc5 Rxc5 19. Qd2 N8d7 20. Nxd7 Bxd7 21. Rhe1 b4 22. Ne2 a5 23. Rxc5 Qxc5 24. Nd4 h6 25. g4 a4 26. Nc2 b3 27. Nd4 bxa2+ 28. Kxa2 Ne4 29. Bxe4 dxe4 30. f5 Rc8 31. Ka1 Be8 32. Rd1 Kf8 33. Ne2 a3 34. b3 Qc2 35. Qb4+ Kg8 36. Rd2 Qc7 37. Ka2 Rb8 38. Qxe4 Qb6 39. Nd4 Bd7 40. Rc2 Qd6 41. Qf4 Qb4 42. Qc7 Be8 43. e4 Ra8 44. Qc5 Qb7 45. Qd5 Qa6 46. e5 Rc8 47. Rxc8 Qxc8 48. Qc4 Qb8 49. Qc5 Qb7 50. Kxa3 Qh1 51. Kb4 Qe1+ 52. Kc4 Qf1+ 53. Kd5 Qg2+ 54. Kd6 Qb7 55. e6 fxe6 56. fxe6 Qb8+ 57. Kd5 Qd8+ 58. Kc4 Qa8 59. Qd6 Kh7 60. b4 Qa1 61. Nf5 Qf1+ 62. Kc5 Qb5+ 63. Kd4 Qf1 64. Qe7 Qa1+ 65. Kc5 Qc3+ 66. Kb6 Qc6+ 67. Ka7 Qa4+ 68. Kb8 Qb5+ 69. Qb7 Qe5+ 70. Qc7 Qb5+ 71. Kc8 Qa6+ 72. Kd8 Qa8+ 73. Qc8 Qa4 74. Qb7 1-0

[Event "Thanksgiving op"]
[Site "Toronto CAN"]
[Date "2001.10.07"]
[Round "4"]
[White "Findlay, Ian"]
[Black "Miller, Evgeny"]
[Result "1/2-1/2"]
[WhiteElo "2423"]
[BlackElo "2190"]
[PlyCount "29"]
[GameId "2160767911485162"]
[EventDate "2001.10.06"]
[EventType "swiss"]
[EventRounds "6"]
[EventCountry "CAN"]
[SourceTitle "EXT 2022"]
[Source "ChessBase"]
[SourceDate "2021.10.06"]
[SourceVersion "1"]
[SourceVersionDate "2021.10.06"]
[SourceQuality "1"]

1. e4 c6 2. d4 d5 3. Nc3 dxe4 4. Nxe4 Nd7 5. Bd3 Ngf6 6. Ng5 e6 7. Qe2 Be7 8. N1f3 O-O 9. Be3 e5 10. c3 exd4 11. Bxd4 Nd5 12. Bc4 a6 13. O-O b5 14. Bb3 Bb7 15. Nh3 1/2-1/2

[Event "Thanksgiving op"]
[Site "Toronto CAN"]
[Date "2001.10.07"]
[Round "4"]
[White "Lucki, Arnie"]
[Black "Mitrovic, Bojana"]
[Result "0-1"]
[WhiteElo "1973"]
[BlackElo "2153"]
[PlyCount "152"]
[GameId "2160767911485163"]
[EventDate "2001.10.06"]
[EventType "swiss"]
[EventRounds "6"]
[EventCountry "CAN"]
[SourceTitle "EXT 2022"]
[Source "ChessBase"]
[SourceDate "2021.10.06"]
[SourceVersion "1"]
[SourceVersionDate "2021.10.06"]
[SourceQuality "1"]

1. d4 g6 2. Nf3 Bg7 3. e4 d6 4. Bc4 Nf6 5. Qe2 O-O 6. Nc3 c6 7. e5 dxe5 8. dxe5 Nd5 9. O-O Nxc3 10. bxc3 Bg4 11. Re1 Qa5 12. Bg5 e6 13. Be7 Re8 14. Bb4 Qb6 15. Rab1 c5 16. Ba3 Qc7 17. h3 Bxf3 18. Qxf3 Nc6 19. Bxc5 Nxe5 20. Rxe5 Bxe5 21. Rxb7 Bh2+ 22. Kh1 Qf4 23. Qxf4 Bxf4 24. g3 Rec8 25. Rb5 Bg5 26. Be2 a6 27. Ra5 Bd8 28. Bb4 Bxa5 29. Bxa5 Rc5 30. Bb4 Re5 31. Bd3 a5 32. Bd6 Re1+ 33. Kg2 Rc8 34. c4 e5 35. c5 e4 36. Ba6 Rd8 37. Bb7 e3 38. fxe3 Rxe3 39. Kf2 Rc3 40. Be4 a4 41. Bd3 Rd7 42. Ke2 Rd8 43. Kd2 Ra3 44. Kc1 Kg7 45. Kb2 Rxd3 46. cxd3 Kf6 47. Ka3 Ra8 48. Kb4 Ke6 49. Kc4 a3 50. Kb5 Kd5 51. Kb6 Rc8 52. d4 Rc6+ 53. Kb5 f6 54. Kb4 Kxd4 55. Kxa3 Kc3 56. Ka4 Ra6+ 57. Kb5 Rxa2 58. c6 Kd4 59. Bc5+ Kd5 60. c7 Ra8 61. Ba7 Rc8 62. Kb6 Kd6 63. Bb8 f5 64. Kb7 Kd7 65. Kb6 g5 66. Kc5 Re8 67. Kd4 Kc8 68. Kd3 f4 69. gxf4 gxf4 70. Ba7 Kxc7 71. Bf2 Kd6 72. Kd2 Kd5 73. Kd3 f3 74. h4 Re2 75. Bg3 Rg2 76. Bb8 Rb2 0-1

[Event "Thanksgiving op"]
[Site "Toronto CAN"]
[Date "2001.10.07"]
[Round "5"]
[White "Lucki, Arnie"]
[Black "Rubanovski, Vladimir"]
[Result "1-0"]
[WhiteElo "1973"]
[BlackElo "2051"]
[PlyCount "113"]
[GameId "2160767911485164"]
[EventDate "2001.10.06"]
[EventType "swiss"]
[EventRounds "6"]
[EventCountry "CAN"]
[SourceTitle "EXT 2022"]
[Source "ChessBase"]
[SourceDate "2021.10.06"]
[SourceVersion "1"]
[SourceVersionDate "2021.10.06"]
[SourceQuality "1"]

1. d4 Nf6 2. Bg5 e6 3. e4 d5 4. Nc3 dxe4 5. Nxe4 Nbd7 6. Nf3 Be7 7. Nxf6+ Bxf6 8. h4 h6 9. Bxf6 Nxf6 10. Bd3 O-O 11. Qe2 c5 12. O-O-O cxd4 13. Nxd4 Qa5 14. Kb1 e5 15. Nb3 Qc7 16. f3 Nh5 17. Rhe1 Nf4 18. Qe4 Nxd3 19. Rxd3 f6 20. g4 Bd7 21. Qd5+ Rf7 22. Red1 Qc6 23. Na5 Qxd5 24. Rxd5 Bc6 25. Nxc6 bxc6 26. Rd8+ Rxd8 27. Rxd8+ Kh7 28. Rd6 Rc7 29. c3 Kg6 30. Kc2 Kf7 31. c4 c5 32. Kd3 Ke7 33. Rd5 g6 34. g5 fxg5 35. hxg5 hxg5 36. Rxe5+ Kf6 37. Rd5 a6 38. Rd6+ Kf5 39. Rxa6 Rd7+ 40. Ke3 Rd4 41. b3 g4 42. fxg4+ Rxg4 43. Rc6 Rg2 44. Rxc5+ Kg4 45. Ra5 Rc2 46. c5 g5 47. Ra4+ Kh3 48. Rc4 Rxa2 49. c6 Ra8 50. b4 g4 51. b5 g3 52. b6 Re8+ 53. Kf4 g2 54. Rc3+ Kh2 55. Rc2 Rc8 56. Rxg2+ Kxg2 57. b7 1-0

[Event "Thanksgiving op"]
[Site "Toronto CAN"]
[Date "2001.10.07"]
[Round "5"]
[White "Nickoloff, Bryon"]
[Black "Findlay, Ian"]
[Result "0-1"]
[WhiteElo "2498"]
[BlackElo "2423"]
[PlyCount "33"]
[GameId "2160767911485165"]
[EventDate "2001.10.06"]
[EventType "swiss"]
[EventRounds "6"]
[EventCountry "CAN"]
[SourceTitle "EXT 2022"]
[Source "ChessBase"]
[SourceDate "2021.10.06"]
[SourceVersion "1"]
[SourceVersionDate "2021.10.06"]
[SourceQuality "1"]

1. d4 Nf6 2. c4 e6 3. Nc3 d5 4. cxd5 exd5 5. Bg5 Be7 6. e3 O-O 7. Bd3 c6 8. Qc2 Nbd7 9. Nf3 Re8 10. O-O Nf8 11. h3 Nh5 12. Bf4 f5 13. Ne5 Ng6 14. Be2 Bf6 15. Nxg6 hxg6 16. f3 Nxf4 17. exf4 0-1

[Event "Thanksgiving op"]
[Site "Toronto CAN"]
[Date "2001.10.08"]
[Round "5"]
[White "Urquhart, Eddie"]
[Black "Tyomkin, Dimitri"]
[Result "0-1"]
[WhiteElo "2250"]
[BlackElo "2500"]
[PlyCount "84"]
[GameId "2160767911485166"]
[EventDate "2001.10.06"]
[EventType "swiss"]
[EventRounds "6"]
[EventCountry "CAN"]
[SourceTitle "EXT 2022"]
[Source "ChessBase"]
[SourceDate "2021.10.06"]
[SourceVersion "1"]
[SourceVersionDate "2021.10.06"]
[SourceQuality "1"]

1. e4 c5 2. Nc3 Nc6 3. f4 g6 4. Nf3 Bg7 5. Bb5 Na5 6. Be2 a6 7. e5 d6 8. O-O Nh6 9. Kh1 Nf5 10. Ne4 dxe5 11. Nxe5 Qc7 12. c3 O-O 13. Nxc5 Bxe5 14. fxe5 Qxc5 15. b4 Qxe5 16. bxa5 Qxa5 17. Bf3 Qc7 18. Qe1 Be6 19. g4 Nd6 20. d3 Qd7 21. Bh6 Rfe8 22. Qg3 f6 23. Rae1 Nf7 24. Bc1 Bd5 25. d4 Rac8 26. Bd2 Bxa2 27. h4 Bd5 28. g5 f5 29. h5 e5 30. Rf2 exd4 31. Rxe8+ Rxe8 32. cxd4 Bxf3+ 33. Rxf3 Qxd4 34. Bc3 Qd1+ 35. Kg2 Re2+ 36. Rf2 Rxf2+ 37. Kxf2 Nd6 38. Ke3 Qc1+ 39. Ke2 Qc2+ 40. Kf1 Qd1+ 41. Be1 Qd5 42. h6 Qc4+ 0-1

[Event "Thanksgiving op"]
[Site "Toronto CAN"]
[Date "2001.10.08"]
[Round "5"]
[White "Veltmann, Martin"]
[Black "Srinivasan, Gajana"]
[Result "1-0"]
[WhiteElo "2002"]
[BlackElo "1880"]
[PlyCount "49"]
[GameId "2160767911485167"]
[EventDate "2001.10.06"]
[EventType "swiss"]
[EventRounds "6"]
[EventCountry "CAN"]

1. c4 e5 2. Nc3 f5 3. g3 Nf6 4. Bg2 f4 5. Nf3 fxg3 6. hxg3 Nc6 7. d4 exd4 8. Nxd4 Bc5 9. Nb3 Bxf2+ 10. Kxf2 O-O 11. Bf3 Ne5 12. Kg2 c6 13. c5 Qe7 14. Bf4 Nfg4 15. Qd4 g5 16. Bxe5 Nxe5 17. Raf1 Qg7 18. Be4 Rxf1 19. Rxf1 d5 20. cxd6 Be6 21. Nc5 Bg4 22. Nd3 Re8 23. Nxe5 Rxe5 24. Bxh7+ Qxh7 25. Qxg4 1-0

[Event "Thanksgiving op"]
[Site "Toronto CAN"]
[Date "2001.10.08"]
[Round "5"]
[White "Zimninski, Nick"]
[Black "Sviridovitch, Alina"]
[Result "1-0"]
[WhiteElo "1827"]
[BlackElo "1754"]
[PlyCount "59"]
[GameId "2160767911485168"]
[EventDate "2001.10.06"]
[EventType "swiss"]
[EventRounds "6"]
[EventCountry "CAN"]
[SourceTitle "EXT 2022"]
[Source "ChessBase"]
[SourceDate "2021.10.06"]
[SourceVersion "1"]
[SourceVersionDate "2021.10.06"]
[SourceQuality "1"]

1. d4 d5 2. Nf3 Nf6 3. e3 e6 4. Bd3 Be7 5. Nbd2 O-O 6. O-O Nbd7 7. e4 dxe4 8. Nxe4 Nxe4 9. Bxe4 Nf6 10. Bd3 c5 11. Re1 cxd4 12. Nxd4 Bc5 13. Be3 e5 14. Nf3 Bd6 15. Bg5 Re8 16. Nxe5 Qc7 17. Bxf6 Bxe5 18. Bxh7+ Kxh7 19. Qh5+ Kg8 20. Bxe5 Qxc2 21. Qg5 Qh7 22. Bxg7 Rxe1+ 23. Rxe1 Be6 24. Bf6+ Qg6 25. Qxg6+ fxg6 26. Rxe6 Kf7 27. Rd6 Rc8 28. Bc3 Rc7 29. Rf6+ Ke7 30. Rxg6 1-0

[Event "Thanksgiving op"]
[Site "Toronto CAN"]
[Date "2001.10.08"]
[Round "6"]
[White "Nozari, Nosrat"]
[Black "Veltmann, Martin"]
[Result "0-1"]
[WhiteElo "2002"]
[BlackElo "1929"]
[PlyCount "108"]
[GameId "2160767911485169"]
[EventDate "2001.10.06"]
[EventType "swiss"]
[EventRounds "6"]
[EventCountry "CAN"]

1. d4 Nf6 2. c4 g6 3. Nc3 Bg7 4. e4 O-O 5. Nf3 d6 6. Be2 e5 7. d5 h6 8. O-O a5 9. Ne1 Na6 10. Be3 b6 11. Qd2 Nc5 12. Nd3 Ncxe4 13. Nxe4 Nxe4 14. Qc1 Kh7 15. f3 Nc5 16. Nf2 f5 17. Bxc5 bxc5 18. Rb1 Bd7 19. b3 Qe7 20. Bd3 Rfb8 21. a4 Rf8 22. Qd2 c6 23. Rfe1 cxd5 24. cxd5 Qh4 25. Bc4 Qd4 26. Qe2 Qh4 27. Kh1 Rfe8 28. Qc2 h5 29. Bd3 Rab8 30. g3 Qf6 31. Kg2 Re7 32. Nh3 Rb4 33. Bc4 Rb8 34. Qd2 Rb4 35. Ng5+ Kg8 36. Ne6 Be8 37. Rbd1 Bxa4 38. bxa4 Rxc4 39. Qxa5 Rc2+ 40. Rd2 Rxd2+ 41. Qxd2 Rb7 42. Re2 e4 43. fxe4 fxe4 44. Qf4 Qxf4 45. gxf4 Rb4 46. Ra2 c4 47. Nxg7 c3 48. Ra1 Kxg7 49. a5 Rb2+ 50. Kg3 c2 51. Rc1 Ra2 52. a6 Kf6 53. a7 Rxa7 54. Rxc2 Ra5 0-1